{"text_format":"3","workbook":"xlsx","n_sheets":1,"sheets":["Sheet1"],"not_rendered":{"images":7},"read":"whole","date_system":"1900"}

{"sheet":"Sheet1","index":0,"n_rows":9,"n_cols":9,"rows_kept":9,"merged":[[0,0,0,8],[2,2,6,2],[2,8,6,8],[8,0,8,6]]}
["附件一 货架、档案专用箱"]
["产品名称                                                                                                                             ","规格                                                                                                                                                     ","材质说明                                                                                                                                                                      ","颜色                                                                                                                                                        ","数量                                                                                                                                                           ","单位                                                                                                                                                                           ","控制单价（元/个）                                                                                                                                                         ","金 额  （元）                                                                                                                                                          ","产品图片                                                                                                                                                      "]
["货架(1)","W1500*D400*H2000（4层）","材质说明：货架（含层板）采用优质冷轧板制作，           \n立柱厚度：30MM*50MM*1.2MM*C型钢，\n横梁厚度30MM*50MM*1.2MM*P型钢，\n层板厚度0.4MM，采用塑粉喷塑，防锈蚀出来，每层承重达到200公斤，可自由调节高度，方便灵活使用；                                                                                                                                                                                          ","闪银色",6,"个",695,{"$f":"G3*E3","v":4170}]
["货架(2)","W1800*D400*H2000（4层）",null,"闪银色",3,"个",770,2310]
["货架(3)","W2000*D400*H2000（4层）",null,"闪银色",3,"个",840,2520]
["货架(4)","W2200*D400*H2000（4层）",null,"闪银色",2,"个",890,1780]
["货架(5)","W2400*D400*H2000（4层）",null,"闪银色",1,"个",970,970]
["档案专用箱","W410*D350*H250","材质说明：采用瓦楞纸制作，成型好，更耐用，三层加厚材质，增加其抗压性和承重力；面纸190g牛卡，瓦纸140g高瓦，里纸160g牛卡;加印福建省级机关医院LOGO","牛皮纸色",500,"个",18.5,9250]
["合计：",{"$nulls":6},{"$f":"SUM(H3:H8)","v":21000}]